Remote sensing of the environment : (Registro nro. 2671)

Detalles MARC
000 -CABECERA
Campo de control 01049cam a2200277 i 4500
005 - FECHA Y HORA DE LA ULTIMA TRANSACCION
Campo de control 20171130020002.0
008 - ELEMENTOS DE LONGITUD FIJA—INFORMACION GENERAL
Campo de control 150318s2000 njuabf r 001 0 eng d
015 ## - NATIONAL BIBLIOGRAPHY NUMBER
National bibliography number NNN
020 ## - ISBN
ISBN 0134897331
040 ## - FUENTE DE CATALOGACIÓN
Agencia catalogadora original DLC
Agencia transcriptora DLC
Agencia Modificadora BAKER
-- C#P
-- AGL
-- YDXCP
-- OCLCQ
-- BTCTA
-- LVB
-- DLC
-- CO-BoPUJ
-- CO-BoIAVH
041 0# - IDIOMA
Código de idioma para texto/pista de sonido o título separado Inglés
044 ## - PAÍS DE PUBLICACIÓN
País de publicación Estados Unidos
082 04 - NUMERO DE CLASIFICACION DECIMAL DEWEY
Número de clasificación 550
Número del ítem J54r
100 1# - ASIENTO PRINCIPAL--NOMBRE PERSONAL
Nombre personal Jensen, John R.
Fechas asociadas con el nombre 1949-
9 (RLIN) 51670
245 10 - MENCION DE TITULO
Título Remote sensing of the environment :
Parte restante del título an earth resource perspective /
Mención de responsabilidad John R. Jensen
260 ## - PUBLICACION, DISTRIBUCION, ETC. (PIE DE IMPRENTA)
Lugar de publicación, distribución, etc. Upper Saddle River, New Jersey :
Nombre del editor, distribuidor, etc. Pearson Prentice Hall,
Fecha de publicación, distribución, etc. c2007.
300 ## - DESCRIPCION FISICA
Extensión xvi, 541 páginas :
Otros detalles físicos ilustraciones (algunas a color), mapas (algunos a color) ;
Dimensiones 29 cm.
504 ## - NOTA DE BIBLIOGRAFIA, ETC.
Nota de bibliografía Incluye referencias bibliográficas e índice.
590 ## - NOTA LOCAL
Nota local Premio Nobel 1944
650 14 - ASIENTO SECUNDARIO DE MATERIA - TERMINO TEMATICO
Término temático o nombre geográfico como elemento de entrada Ciencias de la tierra
Subdivisión general Teledetección
9 (RLIN) 51671
650 24 - ASIENTO SECUNDARIO DE MATERIA - TERMINO TEMATICO
Término temático o nombre geográfico como elemento de entrada Ondas electromagnéticas
9 (RLIN) 51672
650 24 - ASIENTO SECUNDARIO DE MATERIA - TERMINO TEMATICO
Término temático o nombre geográfico como elemento de entrada Sensores remotos
9 (RLIN) 51673
650 24 - ASIENTO SECUNDARIO DE MATERIA - TERMINO TEMATICO
Término temático o nombre geográfico como elemento de entrada Aerofotografía
Subdivisión general Historia
9 (RLIN) 51674
650 24 - ASIENTO SECUNDARIO DE MATERIA - TERMINO TEMATICO
Término temático o nombre geográfico como elemento de entrada Fotogrametría aérea
9 (RLIN) 51675
942 ## - ELEMENTOS ADICIONALES (KOHA)
Sistema de clasificación Dewey Decimal Classification
Tipo de ítem Libro
Koha issues (borrowed), all copies 2
Existencias
Withdrawn status Lost status Sistema de Clasificación Damaged status No para préstamo Colección Inventariado Ubicación Permanente Ubicación actual Fecha de adquisición Fuente de Valor Valor Total Checkouts Total Renewals Número topográfico Inventario / Código de Barras Date last seen Date checked out Ejemplar Price effective from Forma de adquisición Tipo de material
    Dewey Decimal Classification     General Inventariado 2017 Bogotá Bogotá 11/06/2002 Instituto 39000.00 3 2 LB-550 J54r 004971 01/02/2018 31/01/2018 Ej. 1 04/12/2012 Compra Libro